000 00289nam a22001217a 4500
008 170616b xxu||||| |||| 00| 0 eng d
041 _aeng
080 _a94
100 _a20
101 _aSHH
245 _aSOCIABILITY AND POWER IN LATE STUART ENGLAND
_cWHYMAN.S.E
942 _2udc
_cBK
999 _c17853
_d17853